00323nam a2200133Ia 4500008004100000041000800041082001400049100001500063245002600078250001400104260002900118300003400147365000800181240624s9999 xx 000 0 und d aeng a658.5 HIL aHILL TERRY aOPERATIONS MANAGEMENT a(2nd ed.) c2007aNew YorkbPalgrave axxxiii, : 764 : p. : cm. ; 23 cBPS